00789 2200289 4500001002100000005001500021035002000036007000300056008004100059040001700100100002300117245007000140250001300210300005700223020001800280041000800298082001000306084001600316090002000332260003600352600001500388650002500403700002500428850001000453990001800463990001800481INLIS00000000000285120260530112346 a0010-0820000003ta260530 0  aSBPUPADbind0 aJalaluddin Rakhmat1 aPsikologi Komunikasi /cJalaluddin Rakhmat ; editor, Tjun Surjana a.-cet.27 a332 hlm. :bilus. ;c24 cmeBibliografi, hlm 303-332 a979-514-145-70 aind a158.2 a158.2 JAL p a158.2 JAL p 2-5 a.--Jakarta :bRosdakarya,c2009 4aKomunikasi 4aPsikologi Komunikasi0 aeditor, Tjun Surjana aPUPAD a13295/Br-2010 a13294/BR/2010